00514nam a2200133Ia 4500008004100000100001800041245011500059245005700174260005300231260000900284300001100293650001500304856006100319170221s9999 xx 000 0 und d aSafaie Mangir aDeterminants of E-learning Acceptance among Agricultural Extension Agents in Malaysia: A Conceptual Framework  cSafaie Mangir, Zakirah Othman, Zulkifli Mohamed Udin bInternational Review of Management and Marketing c2016 a15 : 5 xMarketing. uhttp://www.econjournals.com/index.php/irmm/issue/view/97